Statistics for Oldest Member Countries Of The Commonwealth

Click here to take the quiz!

General Stats

  • This quiz has been taken 25 times
  • The average score is 10 of 15

Answer Stats

Year JoinedAnswer% Correct
1931Canada
100%
1931Australia
96%
1931New Zealand
91%
1947India
91%
1931UK
83%
1931South Africa
83%
1947Pakistan
83%
1948Sri Lanka
61%
1960Nigeria
61%
1957Ghana
52%
1961Tanzania
52%
1962Jamaica
52%
1957Malaysia
43%
1961Cyprus
39%
1961Sierra Leone
22%

Score Distribution

Percentile by Number Answered

Percent of People with Each Score

Your Score History

You have not taken this quiz